[Event "Moscow-Open 2021_A"]
[Site "Moscow"]
[Date "2021.02.22"]
[Round "3.16"]
[White "Sharikov, Alexander"]
[Black "Maiorov, Nikita"]
[Result "0-1"]
[WhiteElo "2170"]
[BlackElo "2495"]
[PlyCount "124"]
[EventDate "2021.02.20"]

1. e4 e5 2. Nf3 Nc6 3. Nc3 Nf6 4. d4 exd4 5. Nxd4 Bb4 6. Nxc6 bxc6 7. Bd3 O-O
8. O-O Re8 9. Bg5 h6 10. Bh4 g5 11. Bg3 Bxc3 12. bxc3 Nxe4 13. Qh5 d6 14. f4
Bf5 15. Bxe4 Rxe4 16. fxg5 Bg6 17. Qxh6 Qe7 18. Rae1 Rb8 19. h4 Rxe1 20. Rxe1
Qf8 21. h5 Qxh6 22. gxh6 Bxh5 23. Re7 Rc8 24. Bf4 Bg6 25. Bg5 Bxc2 26. Rd7 Bf5
27. Rd8+ Kh7 28. Rxc8 Bxc8 29. Kf2 Kg6 30. Bf4 Bf5 31. Ke3 Kf6 32. Kd2 Bg6 33.
Ke3 Kf5 34. g3 c5 35. Kd2 f6 36. Ke3 Bh7 37. Kf3 Ke6 38. Ke3 Bb1 39. Kd2 Kf7
40. a3 Bg6 41. Ke3 Ke6 42. Kd2 Kd5 43. Kc1 Kc4 44. Kb2 a6 45. Be3 Kd3 46. Bf4
Bh7 47. Kb3 Bg8+ 48. Kb2 Kc4 49. Kc2 Bh7+ 50. Kb2 Bf5 51. Be3 c6 52. Bf4 d5 53.
Be3 d4 54. Bd2 Bg6 55. Be1 Kd3 56. Kc1 c4 57. cxd4 c3 58. Kd1 Kc4 59. Kc1 Kb3
60. g4 a5 61. Bh4 Kxa3 62. Bxf6 Kb3 0-1

[Event "Moscow-Open 2021_A"]
[Site "Moscow"]
[Date "2021.02.22"]
[Round "3.17"]
[White "Badelka, Olga"]
[Black "Volodin, Viktor"]
[Result "1-0"]
[WhiteElo "2428"]
[BlackElo "2151"]
[PlyCount "57"]
[EventDate "2021.02.20"]

1. d4 d5 2. c4 e6 3. Nc3 Nf6 4. cxd5 exd5 5. Bg5 Be7 6. e3 O-O 7. Qc2 h6 8. Bh4
Be6 9. Nf3 Nbd7 10. Bd3 c5 11. O-O b6 12. h3 Nh5 13. Bxe7 Qxe7 14. Rfd1 Nhf6
15. Rac1 Rfd8 16. Ne5 Nxe5 17. dxe5 Ne8 18. f4 d4 19. exd4 cxd4 20. Ne2 Rac8
21. Qa4 Rxc1 22. Rxc1 Qb7 23. f5 Bd5 24. Qxd4 Qa8 25. e6 Bxe6 26. Qc3 Bd5 27.
Nf4 Be4 28. Bxe4 Qxe4 29. Qg3 1-0

[Event "Moscow-Open 2021_A"]
[Site "Moscow"]
[Date "2021.02.22"]
[Round "3.18"]
[White "Bazyrtsyrenov, Kirill"]
[Black "Manelyuk, Daniil"]
[Result "0-1"]
[WhiteElo "2156"]
[BlackElo "2386"]
[PlyCount "54"]
[EventDate "2021.02.20"]

1. e4 e6 2. d4 d5 3. Nc3 Bb4 4. e5 c5 5. Bd2 Ne7 6. Nb5 Bxd2+ 7. Qxd2 O-O 8. f4
Bd7 9. dxc5 Bxb5 10. Bxb5 a6 11. Bd3 Nd7 12. b4 a5 13. c3 axb4 14. cxb4 b6 15.
cxb6 Qxb6 16. a4 Nc6 17. Bb5 Nd4 18. Bxd7 Nb3 19. Qc3 Nxa1 20. Ne2 Rfd8 21. Kd2
d4 22. Qc4 Rxd7 23. a5 Qb7 24. Rxa1 d3 25. Nd4 Rc8 26. Nc6 Rxc6 27. a6 Qb6 0-1

[Event "Moscow-Open 2021_A"]
[Site "Moscow"]
[Date "2021.02.22"]
[Round "3.19"]
[White "Vlassov, Nikolai"]
[Black "Talibov, Shiroghlan"]
[Result "1/2-1/2"]
[WhiteElo "2331"]
[BlackElo "2128"]
[PlyCount "130"]
[EventDate "2021.02.20"]

1. e4 c5 2. c3 Nf6 3. e5 Nd5 4. d4 cxd4 5. cxd4 d6 6. Bc4 e6 7. Nf3 Nc6 8. O-O
Be7 9. Qe2 O-O 10. Qe4 Ndb4 11. Bb3 Na5 12. Bd1 dxe5 13. dxe5 Qd3 14. Nc3 Bd7
15. Bg5 Qxe4 16. Nxe4 Bxg5 17. Nexg5 h6 18. Ne4 Bc6 19. Nc5 Rfd8 20. a3 Nd3 21.
Nxd3 Rxd3 22. Be2 Rb3 23. Rab1 Bxf3 24. gxf3 Rd8 25. Rfd1 Rxd1+ 26. Bxd1 Rd3
27. Rc1 g5 28. Ba4 a6 29. Rc8+ Kg7 30. Be8 Rxf3 31. b4 Nb3 32. a4 Rf4 33. b5
axb5 34. axb5 Na5 35. Ra8 Nb3 36. Rc8 Rf5 37. b6 Rf4 38. Rc7 Kf8 39. Rc8 Rb4
40. Bc6+ Kg7 41. Be8 Rxb6 42. Rc7 Kf8 43. Bxf7 Nd4 44. Bh5 Rb5 45. Rh7 Nf5 46.
Bg4 Ng7 47. Rxh6 Rxe5 48. h3 Re1+ 49. Kg2 b5 50. Rg6 Re5 51. f4 gxf4 52. Rf6+
Ke7 53. Rxf4 Nf5 54. Bf3 Rc5 55. Be2 Rc2 56. Kf3 Rc3+ 57. Kf2 Rb3 58. h4 Kf6
59. h5 e5 60. Rg4 Nd4 61. Bf1 Rb2+ 62. Kg3 Rb3+ 63. Kf2 Rb2+ 64. Kg3 Rb3+ 65.
Kf2 Rb2+ 1/2-1/2

[Event "Moscow-Open 2021_A"]
[Site "Moscow"]
[Date "2021.02.22"]
[Round "3.20"]
[White "Khmelev, Mikhail"]
[Black "Maltsevskaya, Aleksandra"]
[Result "0-1"]
[WhiteElo "2077"]
[BlackElo "2327"]
[PlyCount "56"]
[EventDate "2021.02.20"]

1. f4 d5 2. Nf3 c5 3. e3 Nc6 4. d4 Bg4 5. c3 e6 6. h3 Bxf3 7. Qxf3 Qc7 8. Bd2
Qb6 9. b3 f5 10. c4 cxd4 11. cxd5 Nb4 12. Bxb4 Bxb4+ 13. Kf2 dxe3+ 14. Kg3 Nf6
15. dxe6 g5 16. Bc4 Bd6 17. Kh2 g4 18. Qe2 g3+ 19. Kxg3 Rg8+ 20. Kh2 Bxf4+ 21.
Kg1 Qd4 22. Nc3 Qxc3 23. Rd1 Rd8 24. Rxd8+ Kxd8 25. e7+ Kxe7 26. Bxg8 Bg3 27.
Qf3 Qa1+ 28. Qf1 Bf2+ 0-1

[Event "Moscow-Open 2021_A"]
[Site "Moscow"]
[Date "2021.02.22"]
[Round "3.21"]
[White "Safin, Robert"]
[Black "Parpiev, Isaak"]
[Result "0-1"]
[WhiteElo "2283"]
[BlackElo "1790"]
[PlyCount "108"]
[EventDate "2021.02.20"]

1. d4 Nf6 2. c4 e6 3. g3 d5 4. Nf3 Be7 5. Bg2 O-O 6. O-O dxc4 7. Ne5 Nc6 8.
Nxc6 bxc6 9. e3 Nd5 10. Qa4 Nb6 11. Qc2 Rb8 12. Rd1 Qe8 13. Nd2 Ba6 14. Ne4 Nd5
15. a3 Bb5 16. Nc5 Bxc5 17. dxc5 Qe7 18. e4 Nf6 19. Be3 Ng4 20. Bd4 e5 21. Bc3
Rfd8 22. Qe2 Nf6 23. Qe3 Ba4 24. Rxd8+ Rxd8 25. Rc1 h6 26. Bf1 Bb3 27. f3 Nh7
28. Be1 Qe6 29. h4 Nf8 30. Qc3 Rb8 31. Qa5 Qd7 32. Bc3 Ne6 33. Bxe5 Rb5 34. Qe1
Nxc5 35. Bc3 Nd3 36. Bxd3 cxd3 37. Kg2 c5 38. Qe3 c4 39. Rf1 Rb6 40. Rf2 a6 41.
f4 f5 42. exf5 Qxf5 43. Qe8+ Kh7 44. Qe7 Rg6 45. h5 Rg4 46. Rf3 Bd1 47. Re3
Qxf4 48. Bxg7 Rxg7 49. Qxg7+ Kxg7 50. gxf4 Ba4 51. Kf2 d2 52. Re1 dxe1=Q+ 53.
Kxe1 Kf6 54. Kd2 Bb3 0-1

[Event "Moscow-Open 2021_A"]
[Site "Moscow"]
[Date "2021.02.22"]
[Round "3.22"]
[White "Agkatsev, Albert A"]
[Black "Ibadov, Dashgyn"]
[Result "0-1"]
[WhiteElo "1550"]
[BlackElo "2282"]
[PlyCount "60"]
[EventDate "2021.02.20"]

1. e4 e5 2. Nf3 Nc6 3. Bc4 Bc5 4. c3 Nf6 5. d4 exd4 6. e5 d5 7. Bb5 Ne4 8. cxd4
Bb6 9. h3 O-O 10. Nc3 f6 11. Bxc6 bxc6 12. Be3 Nxc3 13. bxc3 Ba6 14. Qa4 Bb5
15. Qc2 Ba5 16. a4 Ba6 17. Rc1 Rb8 18. g4 Qe7 19. g5 f5 20. h4 Qa3 21. Bd2 Rb2
22. Qd1 Rfb8 23. e6 Qd6 24. Ne5 c5 25. Rc2 cxd4 26. cxd4 Bxd2+ 27. Qxd2 Rxc2
28. Qxc2 Qb4+ 29. Qd2 Qb1+ 30. Qd1 Qe4+ 0-1

[Event "Moscow-Open 2021_A"]
[Site "Moscow"]
[Date "2021.02.22"]
[Round "3.23"]
[White "Thing, Bibek"]
[Black "Shturman, Arseniy"]
[Result "1-0"]
[WhiteElo "2222"]
[BlackElo "1782"]
[PlyCount "43"]
[EventDate "2021.02.20"]

1. e4 c5 2. Nf3 d6 3. c4 e5 4. Be2 g6 5. O-O Ne7 6. d3 Bg7 7. Nc3 O-O 8. Ne1 f5
9. Bg5 Bf6 10. Bxf6 Rxf6 11. f4 fxe4 12. Nxe4 Rxf4 13. Rxf4 exf4 14. Qd2 Bf5
15. Qxf4 Bxe4 16. Qxe4 Nbc6 17. Bg4 Qb6 18. b3 Ne5 19. Nf3 N7c6 20. Qd5+ Kh8
21. Qxd6 Qd8 22. Nxe5 1-0

[Event "Moscow-Open 2021_A"]
[Site "Moscow"]
[Date "2021.02.22"]
[Round "3.24"]
[White "Yarikov, Artem"]
[Black "Popov, Andrey"]
[Result "1/2-1/2"]
[WhiteElo "1778"]
[BlackElo "2182"]
[PlyCount "112"]
[EventDate "2021.02.20"]

1. e4 c5 2. Nf3 e6 3. d4 cxd4 4. Nxd4 Nc6 5. Nc3 Qc7 6. Be2 a6 7. a3 Nf6 8. Be3
Be7 9. f4 d6 10. g4 Nxd4 11. Qxd4 e5 12. Qd1 exf4 13. Bxf4 Be6 14. g5 Nd7 15.
Qd2 O-O 16. O-O-O Ne5 17. h4 Rac8 18. h5 Rfd8 19. Nd5 Bxd5 20. exd5 Nc4 21.
Bxc4 Qxc4 22. Kb1 Re8 23. Rh2 Bf8 24. g6 Rc7 25. gxh7+ Kxh7 26. b3 Qe4 27. Rg1
Rc5 28. Rd1 a5 29. Qd3 a4 30. b4 Qxd3 31. Rxd3 Rc4 32. Bd2 Rec8 33. c3 Be7 34.
Rf2 Bf6 35. Kc2 R8c7 36. Rf5 Be5 37. Rdf3 f6 38. Rd3 Rg4 39. Rh3 b5 40. Rff3
Rg1 41. Rh4 Rc8 42. Kb2 Rg2 43. Kc2 Rg1 44. Kb2 Kg8 45. Kc2 Kf7 46. Kb2 Kf8 47.
Rfh3 Ke7 48. Rf3 Rh8 49. Rhh3 Rg4 50. Kc2 Kf7 51. Rf1 Kg8 52. Rfh1 Kh7 53. Rh4
Rg2 54. R1h3 Rc8 55. Rf3 Rg1 56. Kb2 Kh8 1/2-1/2

[Event "Moscow-Open 2021_A"]
[Site "Moscow"]
[Date "2021.02.22"]
[Round "3.25"]
[White "Korchmar, Vasiliy"]
[Black "Bugaev, Anton"]
[Result "1-0"]
[WhiteElo "2451"]
[BlackElo "1648"]
[PlyCount "75"]
[EventDate "2021.02.20"]

1. c4 Nf6 2. Nc3 d5 3. cxd5 Nxd5 4. g3 c6 5. Bg2 g6 6. Nf3 Bg7 7. d4 O-O 8. O-O
Nd7 9. e4 Nxc3 10. bxc3 c5 11. Be3 cxd4 12. cxd4 Nb6 13. Rc1 Bd7 14. Qb3 Ba4
15. Qb4 Qd6 16. Rc5 a5 17. Qa3 Bb5 18. Bf4 e5 19. dxe5 Qd3 20. Qb2 Na4 21. Qxb5
Nxc5 22. Qxc5 Qxe4 23. Nd4 Qd3 24. Bxb7 Rab8 25. Bd5 Rfc8 26. Nc6 Bf8 27. Qxa5
Ra8 28. Ne7+ Bxe7 29. Bxa8 Bf8 30. Qd5 Qa3 31. Bb7 Qc5 32. e6 Qxd5 33. Bxd5 Be7
34. exf7+ Kg7 35. Be5+ Kh6 36. Re1 Bb4 37. Bf4+ g5 38. Re6+ 1-0

[Event "Moscow-Open 2021_A"]
[Site "Moscow"]
[Date "2021.02.22"]
[Round "3.26"]
[White "Shinkarov, Artem"]
[Black "Murtazin, Bulat"]
[Result "0-1"]
[WhiteElo "1978"]
[BlackElo "2355"]
[PlyCount "90"]
[EventDate "2021.02.20"]

1. d4 Nf6 2. c4 e6 3. Nc3 Bb4 4. e3 O-O 5. Bd3 d5 6. a3 dxc4 7. Bxc4 Bd6 8. Nf3
Nc6 9. e4 e5 10. dxe5 Nxe5 11. Nxe5 Bxe5 12. Qxd8 Rxd8 13. f3 Rd6 14. Be2 Rc6
15. Bd2 Be6 16. O-O-O Bb3 17. Rde1 Rd8 18. Bd1 Bc4 19. Bc2 Rxd2 20. Kxd2 Bf4+
21. Kd1 Rd6+ 22. Nd5 Bxd5 23. exd5 Rxd5+ 24. Ke2 Rd2+ 25. Kf1 Rxc2 26. Re2 Rc1+
27. Re1 Bd2 28. Rxc1 Bxc1 29. Ke2 Bxb2 30. Rb1 Bxa3 31. Rxb7 Ne8 32. Rxa7 Bd6
33. g3 Kf8 34. Kd3 Ke7 35. Ra5 Nf6 36. Kd4 Nd7 37. Ra2 Ke6 38. Re2+ Kf5 39. Ra2
Ne5 40. Ke3 Bc5+ 41. Ke2 Bb6 42. f4 Nc6 43. h3 Ke4 44. Ra4+ Nd4+ 45. Kf2 h5 0-1

[Event "Moscow-Open 2021_A"]
[Site "Moscow"]
[Date "2021.02.22"]
[Round "3.27"]
[White "Zakaryan, David"]
[Black "Neklyudov, Taras"]
[Result "1-0"]
[WhiteElo "2335"]
[BlackElo "1971"]
[PlyCount "67"]
[EventDate "2021.02.20"]

1. d4 f5 2. Bg5 g6 3. Nc3 d5 4. e3 Bg7 5. Nf3 c6 6. Bd3 Be6 7. h4 Nd7 8. h5 h6
9. hxg6 hxg5 10. Rxh8 Bxh8 11. Nxg5 Nf8 12. Qh5 Bg7 13. Nxe6 Nxe6 14. Qxf5 Qd6
15. Qf7+ Kd7 16. Bf5 Bh6 17. g7 Bg5 18. e4 Nh6 19. Qg6 Nxf5 20. exf5 Nxd4 21.
Qxg5 Qe5+ 22. Kd2 Rg8 23. Re1 Qf6 24. Qxf6 exf6 25. Ne4 Rxg7 26. Nxf6+ Kd8 27.
Re8+ Kc7 28. Rf8 Re7 29. c3 Nxf5 30. Nxd5+ cxd5 31. Rxf5 Kd6 32. g4 d4 33. c4
Re4 34. f4 1-0

[Event "Moscow-Open 2021_A"]
[Site "Moscow"]
[Date "2021.02.22"]
[Round "3.28"]
[White "Voinikonis, Nikita"]
[Black "Zemlyanskii, Ivan"]
[Result "1-0"]
[WhiteElo "2208"]
[BlackElo "1950"]
[PlyCount "113"]
[EventDate "2021.02.20"]

1. e4 c5 2. Nf3 e6 3. g3 Nc6 4. Bg2 Nf6 5. Nc3 Be7 6. d4 cxd4 7. Nxd4 O-O 8.
O-O a6 9. Re1 Qc7 10. Nxc6 bxc6 11. e5 Nd5 12. Na4 f6 13. c4 Nb6 14. Bf4 f5 15.
Rc1 Nxa4 16. Qxa4 Rb8 17. b3 Bc5 18. Bd2 Qa7 19. Re2 Bd4 20. Rd1 c5 21. Be3
Bxe5 22. Qa5 Bd4 23. Bxd4 cxd4 24. Ree1 Bb7 25. Rxd4 Bxg2 26. Kxg2 Qb7+ 27. f3
Rf7 28. Qa4 Rd8 29. Red1 e5 30. Qxa6 Qc7 31. Qb6 Qc8 32. c5 e4 33. c6 exf3+ 34.
Kxf3 Rdf8 35. Rxd7 Qe8 36. Qe3 Qa8 37. Qe6 Qa5 38. c7 Qc3+ 39. R1d3 Qc1 40.
Qxf7+ Rxf7 41. Rd8+ Rf8 42. Rxf8+ Kxf8 43. Rd8+ Ke7 44. c8=Q Qf1+ 45. Ke3 Qe1+
46. Kd3 Qe4+ 47. Kc3 Qe3+ 48. Kb4 Qb6+ 49. Kc4 Kf6 50. Rf8+ Kg6 51. Qxf5+ Kh6
52. Qf4+ Kg6 53. a4 Qc6+ 54. Kb4 Qb7+ 55. Ka3 Qe7+ 56. Qb4 Qe6 57. a5 1-0

[Event "Moscow-Open 2021_A"]
[Site "Moscow"]
[Date "2021.02.22"]
[Round "3.29"]
[White "Kim, Andrey"]
[Black "Chuklin, Ivan"]
[Result "1/2-1/2"]
[WhiteElo "1971"]
[BlackElo "2181"]
[PlyCount "142"]
[EventDate "2021.02.20"]

1. d4 Nf6 2. c4 g6 3. g3 Bg7 4. Bg2 d5 5. cxd5 Nxd5 6. Nf3 O-O 7. O-O Nb6 8.
Ne5 N8d7 9. Nxd7 Qxd7 10. e3 Rd8 11. Nc3 c6 12. Qe2 e5 13. dxe5 Bxe5 14. Rd1
Qe7 15. Rxd8+ Qxd8 16. e4 Be6 17. f4 Bd4+ 18. Be3 Bxe3+ 19. Qxe3 Nc4 20. Qf2
Qb6 21. b3 Qxf2+ 22. Kxf2 Nb6 23. Rd1 a5 24. Rd4 f6 25. Bf3 Kf7 26. g4 Ke7 27.
Bd1 g5 28. f5 Bf7 29. e5 fxe5 30. Rd3 Nd5 31. Ne4 Rg8 32. Rh3 Nf6 33. Nxf6 Kxf6
34. Rh6+ Ke7 35. Rxh7 Rd8 36. Be2 Kf8 37. Rh8+ Ke7 38. f6+ Kd7 39. Rh7 Rf8 40.
Rg7 Ke6 41. Rxg5 Kxf6 42. Rf5+ Kg7 43. Kg3 a4 44. bxa4 Ra8 45. Bd1 Bxa2 46.
Rxe5 Rd8 47. Bf3 Rd3 48. Kf4 Rd4+ 49. Re4 Rd2 50. Rb4 b5 51. h4 bxa4 52. Rxa4
Bb1 53. Bxc6 Rf2+ 54. Kg5 Bc2 55. Ra7+ Rf7 56. Rxf7+ Kxf7 57. Kh6 Kg8 58. g5
Kh8 59. Bb5 Bb3 60. Bd3 Bd5 61. Bh7 Bf7 62. Bg6 Be6 63. Bd3 Bc4 64. Bf5 Be6 65.
Kg6 Bf7+ 66. Kf6 Bh5 67. Bg6 Bf3 68. Kf7 Bd5+ 69. Kf6 Bf3 70. Bf5 Bh5 71. Bd7
Kg8 1/2-1/2

[Event "Moscow-Open 2021_A"]
[Site "Moscow"]
[Date "2021.02.22"]
[Round "3.30"]
[White "Medzinovskiy, Petr"]
[Black "Rudakov, Sergey S"]
[Result "1/2-1/2"]
[WhiteElo "2179"]
[BlackElo "1926"]
[PlyCount "111"]
[EventDate "2021.02.20"]

1. e4 c5 2. Nf3 d6 3. d4 cxd4 4. Nxd4 Nf6 5. Nc3 a6 6. Nb3 b5 7. a4 b4 8. Nd5
e6 9. Nxf6+ Qxf6 10. Be3 Nc6 11. Nd4 Bb7 12. Qd2 Nxd4 13. Bxd4 Qg6 14. f3 d5
15. e5 f6 16. Bd3 Qf7 17. Qe2 Be7 18. O-O O-O 19. a5 f5 20. Rfc1 Rfc8 21. c3
Bg5 22. Rcb1 Be7 23. Qd2 Qf8 24. Rc1 Bc5 25. Qe3 bxc3 26. Rxc3 Bb4 27. Rb3 f4
28. Qf2 Rc4 29. Bb6 Rac8 30. Bxc4 dxc4 31. Rc3 Bxc3 32. bxc3 Qf5 33. Qd4 Bd5
34. Rd1 h6 35. Bc5 Kh7 36. h3 h5 37. Rd2 Rb8 38. Bb6 Rb7 39. Re2 g5 40. Qd2 Rd7
41. Re4 Rg7 42. Re1 g4 43. hxg4 hxg4 44. Kf2 gxf3 45. Rh1+ Kg8 46. gxf3 Rg3 47.
Rg1 Qxe5 48. Kf1 Qf5 49. Rxg3+ fxg3 50. Kg1 Kh7 51. Qg2 Qe5 52. Qh3+ Kg6 53.
Qg4+ Qg5 54. Qxg5+ Kxg5 55. Bc7 Bxf3 56. Bxg3 1/2-1/2

[Event "Moscow-Open 2021_A"]
[Site "Moscow"]
[Date "2021.02.22"]
[Round "3.31"]
[White "Chetverik, Maxim"]
[Black "Lauda, Alexandr"]
[Result "1-0"]
[WhiteElo "2159"]
[BlackElo "1923"]
[PlyCount "95"]
[EventDate "2021.02.20"]

1. d4 Nf6 2. c4 e6 3. Nf3 d5 4. g3 Be7 5. Bg2 O-O 6. O-O dxc4 7. Ne5 Qd6 8.
Nxc4 Qa6 9. Qb3 Rd8 10. e3 c5 11. dxc5 Bxc5 12. Nc3 Nc6 13. Nb5 Nd5 14. e4 Ncb4
15. Nca3 Nb6 16. Nc7 Qe2 17. Bf3 Qxf1+ 18. Kxf1 Rd3 19. Nxa8 Rxb3 20. axb3 Nxa8
21. Be3 Bxe3 22. fxe3 e5 23. Nc4 Nc6 24. Nd6 Bh3+ 25. Bg2 Be6 26. Nxb7 Kf8 27.
Kf2 Ke7 28. Bf1 Bc8 29. Na5 Nb8 30. Nc4 Nc6 31. Na5 Nb8 32. b4 Nc7 33. b5 Bd7
34. Nc6+ Bxc6 35. Rxa7 Kd6 36. bxc6 Nxc6 37. Ra1 g6 38. Rd1+ Ke7 39. Bh3 Na6
40. Rd7+ Ke8 41. Rd6 Ncb4 42. Rb6 Nc5 43. Kf3 Nbd3 44. Bf1 Nc1 45. b4 N5b3 46.
Rd6 Ke7 47. Rd5 f6 48. Bc4 1-0

[Event "Moscow-Open 2021_A"]
[Site "Moscow"]
[Date "2021.02.22"]
[Round "3.32"]
[White "Nikolaev, Matvei"]
[Black "Nakonechny, Ignat"]
[Result "1-0"]
[WhiteElo "1925"]
[BlackElo "2158"]
[PlyCount "72"]
[EventDate "2021.02.20"]

1. e4 Nf6 2. e5 Nd5 3. d4 Nb6 4. Nf3 d6 5. h3 g6 6. exd6 cxd6 7. c4 Bg7 8. Nc3
Nc6 9. Be3 O-O 10. Be2 Bf5 11. O-O d5 12. c5 Nc4 13. Bc1 b6 14. cxb6 Nxb6 15.
Bf4 f6 16. Bb5 Na5 17. Re1 Rc8 18. Rc1 Nac4 19. Qe2 g5 20. Bh2 Nd6 21. Ba6 Rc7
22. a4 Be4 23. Bxd6 Rxc3 24. Bxe7 Rxc1 25. Bxd8 Rc2 26. Qd1 Rxd8 27. Rxe4 dxe4
28. Qxc2 exf3 29. a5 Nd5 30. Bc4 Kf8 31. Qxh7 Rd6 32. Qf5 Nf4 33. gxf3 Ke8 34.
Qc8+ Ke7 35. Qg8 Rxd4 36. Qxg7+ Kd6 1-0

[Event "Moscow-Open 2021_A"]
[Site "Moscow"]
[Date "2021.02.22"]
[Round "3.33"]
[White "Zhukenov, Aituar"]
[Black "Gaer, Igor"]
[Result "1-0"]
[WhiteElo "2144"]
[BlackElo "1916"]
[PlyCount "95"]
[EventDate "2021.02.20"]

1. e4 c5 2. Nf3 d6 3. Bb5+ Bd7 4. a4 Nc6 5. O-O Nf6 6. Re1 e6 7. c3 Be7 8. d4
a6 9. Bf1 cxd4 10. cxd4 d5 11. e5 Ne4 12. Nc3 Nxc3 13. bxc3 Rc8 14. Nd2 Na5 15.
Qg4 O-O 16. Nf3 f5 17. exf6 Bxf6 18. Ba3 Rf7 19. Bd3 Rxc3 20. Bb1 Rc4 21. Re5
Nc6 22. Bxh7+ Kxh7 23. Rh5+ Kg8 24. Qg6 Re7 25. Qh7+ Kf7 26. Ng5+ Bxg5 27. Rxg5
Qg8 28. Qg6+ Kf8 29. Rg3 Nb4 30. a5 Rf7 31. Rb1 Rf6 32. Bxb4+ Rxb4 33. Qxf6+
gxf6 34. Rxg8+ Kxg8 35. Rxb4 Bc6 36. f4 Kf7 37. Kf2 Kg6 38. g4 Kh6 39. Rb3 Kg6
40. Rh3 Kg7 41. g5 fxg5 42. fxg5 Kg6 43. Rh6+ Kxg5 44. Rxe6 Kf5 45. Re5+ Kf4
46. h4 Ba4 47. h5 Bc2 48. h6 1-0

[Event "Moscow-Open 2021_A"]
[Site "Moscow"]
[Date "2021.02.22"]
[Round "3.35"]
[White "Galkin, Leonid"]
[Black "Mikhnenko, Alexander"]
[Result "1-0"]
[WhiteElo "1914"]
[BlackElo "2129"]
[PlyCount "109"]
[EventDate "2021.02.20"]

1. e4 c6 2. d4 d5 3. e5 Bf5 4. h4 h5 5. Bg5 Qb6 6. Bd3 Qxd4 7. Nf3 Qg4 8. Bxf5
Qxf5 9. c4 Qe4+ 10. Be3 e6 11. Nbd2 Bb4 12. Rc1 Qd3 13. cxd5 exd5 14. a3 Bxd2+
15. Bxd2 Nd7 16. Rc3 Qa6 17. Ng5 d4 18. e6 O-O-O 19. Nxf7 Ne5 20. Nxd8 dxc3 21.
Bxc3 Nd3+ 22. Kd2 Nh6 23. Kc2 Rxd8 24. e7 Nb4+ 25. axb4 Rxd1 26. e8=Q+ Rd8 27.
Qe6+ Kb8 28. Qe5+ Kc8 29. Qxh5 Qc4 30. Re1 Qf4 31. Re2 Nf5 32. g3 Nd4+ 33. Bxd4
Qxd4 34. Qf5+ Rd7 35. Re8+ Kc7 36. Qe5+ Qxe5 37. Rxe5 Kd6 38. f4 b6 39. Kc3 Rb7
40. Kc4 a6 41. Rg5 Re7 42. Rg6+ Kc7 43. Kd3 a5 44. bxa5 bxa5 45. f5 Kb6 46. h5
Kc5 47. f6 gxf6 48. Rxf6 Rb7 49. Kc2 Re7 50. h6 Re2+ 51. Kb1 Rh2 52. g4 Kd5 53.
Rf5+ Ke6 54. Rh5 Rxh5 55. gxh5 1-0

[Event "Moscow-Open 2021_A"]
[Site "Moscow"]
[Date "2021.02.22"]
[Round "3.36"]
[White "Yakimenko, Alexander A"]
[Black "Utemisov, Damir"]
[Result "1-0"]
[WhiteElo "2122"]
[BlackElo "1894"]
[PlyCount "61"]
[EventDate "2021.02.20"]

1. e4 e5 2. Nf3 Nc6 3. Bb5 a6 4. Ba4 Nf6 5. O-O b5 6. Bb3 Bc5 7. d3 d6 8. Be3
Ba7 9. a4 Bb7 10. axb5 axb5 11. Bxa7 Nxa7 12. Nc3 O-O 13. Qd2 c5 14. Ne2 Nc6
15. Ng3 Ne7 16. Rxa8 Qxa8 17. Re1 c4 18. dxc4 Nxe4 19. Nxe4 Bxe4 20. Qxd6 Ng6
21. Nxe5 Rd8 22. Qc7 Nxe5 23. Qxe5 bxc4 24. Bxc4 Bxg2 25. Qf5 Bh1 26. Qxf7+ Kh8
27. Bf1 Rf8 28. Qxf8+ Qxf8 29. Bb5 Kg8 30. Re8 Be4 31. Rxf8+ 1-0

[Event "Moscow-Open 2021_A"]
[Site "Moscow"]
[Date "2021.02.22"]
[Round "3.37"]
[White "Gornostaev, Yakov"]
[Black "Stepanyan, Eva"]
[Result "0-1"]
[WhiteElo "1888"]
[BlackElo "2119"]
[PlyCount "76"]
[EventDate "2021.02.20"]

1. d4 Nf6 2. Nf3 d5 3. g3 e6 4. Bg2 c5 5. c3 Nc6 6. O-O Be7 7. b3 O-O 8. Bb2 b6
9. Ne5 Bb7 10. Nd2 Qc7 11. Nxc6 Bxc6 12. Rc1 c4 13. bxc4 dxc4 14. e4 b5 15. e5
Nd5 16. Qg4 a5 17. Be4 Qb7 18. Rc2 Rfc8 19. Rb1 Qa6 20. Rcc1 Nb6 21. Bxc6 Rxc6
22. Ne4 Nd5 23. Rc2 b4 24. Bc1 Kh8 25. Bg5 Bf8 26. Qf3 Rc7 27. Bf4 h6 28. h4
Rb8 29. g4 b3 30. axb3 cxb3 31. Rcb2 a4 32. g5 a3 33. Rxb3 Rxb3 34. Rxb3 a2 35.
gxh6 a1=Q+ 36. Kh2 gxh6 37. Bxh6 Q6f1 38. Ng3 Qad1 0-1

[Event "Moscow-Open 2021_A"]
[Site "Moscow"]
[Date "2021.02.22"]
[Round "3.38"]
[White "Mochalin, Faddey"]
[Black "Amirdzhanyan, Vladimir"]
[Result "1/2-1/2"]
[WhiteElo "2110"]
[BlackElo "1828"]
[PlyCount "154"]
[EventDate "2021.02.20"]

1. e4 c5 2. Nf3 d6 3. d4 cxd4 4. Nxd4 Nf6 5. Nc3 a6 6. Be3 e6 7. f3 b5 8. a3
Bb7 9. Qd2 Nbd7 10. O-O-O Be7 11. g4 h6 12. h4 Nb6 13. Be2 Nfd7 14. g5 Ne5 15.
f4 Nbc4 16. Bxc4 Nxc4 17. Qd3 d5 18. g6 dxe4 19. gxf7+ Kxf7 20. Qe2 Nxe3 21.
Qxe3 Bc5 22. Nxe4 Bxe4 23. Qxe4 Qd5 24. Qxd5 exd5 25. Nf5 Rad8 26. b4 Bb6 27.
Rhe1 Rd7 28. h5 Rc8 29. Rd2 Kf6 30. Nh4 Rc4 31. Ng6 Bd4 32. Re8 Kf5 33. Rf8+
Ke4 34. Nh4 Bf6 35. Ng6 Rc3 36. Re8+ Kf5 37. Rd3 Rxd3 38. cxd3 Rc7+ 39. Kd2 Rc3
40. Ne7+ Kg4 41. Nxd5 Rxa3 42. Ke3 Kxh5 43. Ke4 Kg6 44. d4 Ra1 45. Ra8 h5 46.
f5+ Kg5 47. Nxf6 Kxf6 48. Rf8+ Ke7 49. Rh8 Ra4 50. Ke5 Rxb4 51. Ra8 Rb1 52.
Ra7+ Kf8 53. Ra8+ Ke7 54. Ra7+ Kf8 55. d5 h4 56. Rxa6 h3 57. Ra8+ Ke7 58. Ra7+
Kd8 59. Kd6 Kc8 60. Ra8+ Kb7 61. Rh8 Rf1 62. Rxh3 Rxf5 63. Ke6 Rf6+ 64. Ke7 Ra6
65. d6 Kc6 66. d7 Ra7 67. Ke8 Rxd7 68. Rc3+ Kd6 69. Rd3+ Kc5 70. Kxd7 b4 71.
Rg3 Kc4 72. Kc6 b3 73. Rxg7 b2 74. Rg1 Kc3 75. Kc5 Kc2 76. Rg2+ Kc1 77. Rxb2
Kxb2 1/2-1/2

[Event "Moscow-Open 2021_A"]
[Site "Moscow"]
[Date "2021.02.22"]
[Round "3.39"]
[White "Gorovenko, Darya"]
[Black "Druchenko, Mikhail"]
[Result "1-0"]
[WhiteElo "2106"]
[BlackElo "1761"]
[PlyCount "87"]
[EventDate "2021.02.20"]

1. d4 f5 2. c4 Nf6 3. Nc3 d6 4. Nf3 g6 5. g3 Bg7 6. Bg2 O-O 7. O-O Qe8 8. Nd5
Nxd5 9. cxd5 Nd7 10. Ng5 Nb6 11. a4 a5 12. Qc2 Qd8 13. Rd1 h6 14. Ne6 Bxe6 15.
dxe6 d5 16. h4 c6 17. h5 Qd6 18. Qb3 Nc4 19. e4 fxe4 20. Bxe4 Qxe6 21. Bxg6
Bxd4 22. Bf4 Rxf4 23. gxf4 Qg4+ 24. Kf1 Qxf4 25. Rxd4 Qxd4 26. Qg3 Rf8 27. Re1
Qg7 28. b3 Nd6 29. Qe3 Nf5 30. Qe6+ Kh8 31. Bxf5 Qg5 32. Qe5+ Qf6 33. Bg6 b5
34. Qxf6+ Rxf6 35. axb5 cxb5 36. Rxe7 a4 37. bxa4 bxa4 38. Ra7 Rf4 39. Ra5 Rd4
40. Ke2 Kg7 41. Ke3 Rb4 42. Rxd5 a3 43. Ra5 Rb3+ 44. Bd3 1-0

[Event "Moscow-Open 2021_A"]
[Site "Moscow"]
[Date "2021.02.22"]
[Round "3.40"]
[White "Korshunov, Sergey And"]
[Black "Polukhin, Alexander"]
[Result "1-0"]
[WhiteElo "1847"]
[BlackElo "2105"]
[PlyCount "99"]
[EventDate "2021.02.20"]

1. e4 c5 2. Nf3 Nc6 3. d4 cxd4 4. Nxd4 g6 5. c4 Bg7 6. Be3 Nf6 7. Nc3 O-O 8.
Be2 d6 9. O-O Bd7 10. Qd2 Nxd4 11. Bxd4 Bc6 12. f3 a5 13. Be3 Nd7 14. Rac1 Nc5
15. Rfd1 Be5 16. Bf1 Qb6 17. Qf2 Rac8 18. b3 Qb4 19. Qd2 Rfe8 20. Nd5 Qa3 21.
Rc2 e6 22. Nc3 Qb4 23. Ne2 Qa3 24. Bd4 Na6 25. Bxe5 dxe5 26. Qd6 Qxd6 27. Rxd6
Red8 28. Rcd2 Rxd6 29. Rxd6 Kf8 30. Nc3 Ke7 31. Rd2 f5 32. exf5 exf5 33. Nd5+
Ke6 34. Nb6 Re8 35. a3 e4 36. Kf2 Ke5 37. Nd7+ Bxd7 38. Rxd7 Nc5 39. Rd5+ Kf4
40. g3+ Kg5 41. f4+ Kf6 42. Rxc5 Rd8 43. Rd5 Rc8 44. Ke3 a4 45. b4 Ke6 46. Re5+
Kf6 47. Be2 h6 48. Rc5 Rg8 49. Rb5 Rg7 50. Rb6+ 1-0

[Event "Moscow-Open 2021_A"]
[Site "Moscow"]
[Date "2021.02.22"]
[Round "3.41"]
[White "Popovich, Alexey"]
[Black "Bardyk, Artem"]
[Result "1-0"]
[WhiteElo "2102"]
[BlackElo "1742"]
[PlyCount "81"]
[EventDate "2021.02.20"]

1. e4 e5 2. Nf3 Nc6 3. Bb5 Nf6 4. d3 Ne7 5. O-O c6 6. Bc4 Ng6 7. d4 exd4 8.
Qxd4 d5 9. exd5 cxd5 10. Rd1 Be7 11. Bxd5 Qxd5 12. Qxd5 Nxd5 13. Rxd5 Be6 14.
Rd1 Rc8 15. c3 O-O 16. Be3 a5 17. Nd4 Bg4 18. f3 Bd7 19. Nb3 Be6 20. Nxa5 Ra8
21. Nxb7 Rfb8 22. Nc5 Bxc5 23. Bxc5 Rxb2 24. a4 Nf4 25. Rd2 Rxd2 26. Nxd2 Ne2+
27. Kf2 Nxc3 28. a5 Nd5 29. a6 Nc7 30. a7 Rc8 31. Ne4 Na8 32. Rb1 h6 33. Bd4
Kh7 34. Nc5 Bd5 35. Nd7 Rc7 36. Nf8+ Kg8 37. Rb8 Rc2+ 38. Kg3 Rc4 39. Rd8 Bc6
40. Ng6+ Kh7 41. Ne5 1-0